01127cam a2200313 a 4500001001000000003000400010005001700014008004100031020001500072040002500087082001800112100003400130245004300164260003400207300002100241490003700262500007000299586002900369590002700398650002800425650003100453830004100484910001500525942001300540952011900553952011200672956001400784999001500798000008070OSt20200929154423.0920326s1990 sp 000 f spa  a8433909118 aDO-SdBNPbspacBNPHU a863.64bN322a1 aNavarro, Justo,d1953-92197810aAccidentes íntimos /cJusto Navarro. aBarcelona :bAnagrama,c1990. a159 p. ;c20 cm.1 aNarrativas hispánicas ;v101 ; aIncluye datos biográficos del autor en la solapa de la cubierta aPremio Heralde de novela aInventariado, 2020/ YL 4aNovela española91123 4aLiteratura española9632 0aNarrativas hispánicas n101921979 aEn proceso 2ddccLF1 00102ddc50718MOaGRbGRcCTd2009-09-14eDonación iLF1l0o863.64 N322ap8070-10r2020-06-25w2020-06-25y1 00112ddc50718MOaGRbGRcMId2017-04-10iLF1l0o863.64 N322ap8070-20r2020-06-25te. 2w2020-06-25y1 aYLOCKWARD c7847d7847